| 000 | 00385nam a2200133Ia 4500 | ||
|---|---|---|---|
| 008 | 230411s9999 xx 000 0 und d | ||
| 041 | _aeng | ||
| 082 | _aAD/610.7/SHA/B07293 | ||
| 100 | _aSharma Mukesh | ||
| 245 | _aTextbook of Nursing Education for BSc and Post Basic Nursing Students | ||
| 260 |
_bJaypee Brothers _aNew Delhi _c2013 |
||
| 300 | _a352p | ||
| 999 |
_c157430 _d157430 |
||